El almohadón de plumas y las diferencias sexuales a partir del falo : Una lectura en Horacio Quiroga

Enregistré dans:
Détails bibliographiques
Auteur principal: Alvarado Vega, Óscar
Format: Livre
Langue:Spanish
Publié: San José, Costa Rica Ediciones Perro Azul 2010
Sujets:
Tags: Ajouter un tag
Pas de tags, Soyez le premier à ajouter un tag!

MARC

LEADER 00000nam a22000007a 4500
008 180412b xxu||||| |||| 00| 0 spa d
040 |a cru BVZT 
090 |a 868 A-8.2a 
100 |a Alvarado Vega, Óscar 
245 |a El almohadón de plumas y las diferencias sexuales a partir del falo : Una lectura en Horacio Quiroga  |c Óscar Alvarado Vega 
260 |a San José, Costa Rica  |b Ediciones Perro Azul  |c 2010 
300 |a 205 páginas 
650 |a LITERATURA COSTARRICENSE 
650 |a ENSAYOS 
650 |a CRÍTICA 
650 |a HORACIO QUIROGA 
999 |c 30461  |d 30461 
942 |c 15 D  |h 868 A-8.2a  |2 z